ბათუმის შოთა რუსთაველის სახელმწიფო უნივერსიტეტის ბიბლიოთეკა

შოთა რუსთაველის სახელმწიფო უნივერსიტეტის შრომები XVI. (ბიბ.ჩანაწერი № 35799)

000 -LEADER
fixed length control field 00881nam a2200217Ia 4500
001 - CONTROL NUMBER
control field 1684
003 - CONTROL NUMBER IDENTIFIER
control field GE_BSU
008 - FIXED-LENGTH DATA ELEMENTS--GENERAL INFORMATION
fixed length control field 181216s||||||||xx |||||||||||||| ||und||
040 ## - CATALOGING SOURCE
Transcribing agency GE_BSU
080 ## - UNIVERSAL DECIMAL CLASSIFICATION NUMBER
Universal Decimal Classification number 378.4(479.223)(061)
245 ## - TITLE STATEMENT
Title შოთა რუსთაველის სახელმწიფო უნივერსიტეტის შრომები XVI.
245 ## - TITLE STATEMENT
Remainder of title განათლების ფილოსოფი,ფსიქოლოგია . პედაგოგიკა.
260 ## - PUBLICATION, DISTRIBUTION, ETC.
Place of publication, distribution, etc. ბათუმი
260 ## - PUBLICATION, DISTRIBUTION, ETC.
Name of publisher, distributor, etc. შოთა რუსთაველის სახ. უნ–ტი
260 ## - PUBLICATION, DISTRIBUTION, ETC.
Date of publication, distribution, etc. 2010
300 ## - PHYSICAL DESCRIPTION
Extent 178 გვ. 26 სმ.
653 ## - INDEX TERM--UNCONTROLLED
Uncontrolled term განათლების ფილოსოფია.
653 ## - INDEX TERM--UNCONTROLLED
Uncontrolled term გსიქოლოგია, პედაგოგიკა
942 ## - ADDED ENTRY ELEMENTS (KOHA)
Koha item type წიგნი
ეგზემპლარები
Withdrawn status Lost status Damaged status Not for loan Date acquired Barcode Date last seen Price effective from Koha item type Public note
        2018-12-17 3092 2018-12-17 2018-12-17 წიგნი საცავი
        2018-12-17 3093 2018-12-17 2018-12-17 წიგნი საცავი
        2018-12-17 3094 2018-12-17 2018-12-17 წიგნი საცავი
        2018-12-17 3095 2018-12-17 2018-12-17 წიგნი საცავი
        2018-12-17 3096 2018-12-17 2018-12-17 წიგნი საცავი